| 000 | 00875nac a22002171u 4500 | ||
|---|---|---|---|
| 010 | _a 2003009539 | ||
| 020 | _a1584502991 (hardcover w/ CD-ROM : alk. paper) | ||
| 082 | 0 | 0 | _a006.6765 |
| 090 | _c457 | ||
| 100 | _a20080729 | ||
| 245 | 0 | 0 |
_aGraphics programming methods / _cedited by Jeff Lander. |
| 250 | _a1st ed. | ||
| 260 |
_aHingham, Mass. : _bCharles River Media,2003 _c2003. |
||
| 300 |
_axxvi, 406 p., [9] p. of plates : _bill. (some col.) ; _c25 cm. + _e1 CD-ROM (4 3/4 in.) |
||
| 650 | 0 | _aComputer graphics. | |
| 650 | 0 |
_aMicrocomputers _xProgramming. |
|
| 700 | 1 | _aLander, Jeff. | |
| 856 | 4 | 1 |
_3Table of contents _uhttp://www.loc.gov/catdir/toc/ecip043/2003009539.html |
| 942 |
_k006.6765 _cBB |
||
| 999 |
_c457 _d457 |
||